000
00278nam a22001337a 4500
003
SGT
082
_a
150
_b
S99P
100
_a
PENNINGTON, DONALD
245
_a
SOCIAL PSYCHOLOGY
260
_a
LONDON
_b
ARNOLD
_c
1999
300
_a
443
650
_a
PSYCHOLOGY
942
_2
ddc
_c
BK
999
_c
10491
_d
10491